[Event "Cali Masificacion op U2050"]
[Site "Cali"]
[Date "2021.12.29"]
[Round "6"]
[White "Gutierrez Bermudez, Ivan"]
[Black "Luque, Manuel Antonio"]
[Result "1-0"]
[WhiteElo "1626"]
[BlackElo "1526"]
[PlyCount "47"]
[EventDate "2021.12.26"]
[EventType "swiss"]
[EventRounds "7"]
[EventCountry "COL"]
[SourceTitle "CBM 205 Extra"]
[Source "ChessBase"]
[SourceDate "2022.01.31"]
[SourceVersion "1"]
[SourceVersionDate "2022.01.31"]
[SourceQuality "1"]

1. e4 e5 2. Nf3 Nc6 3. d4 exd4 4. Nxd4 Bc5 5. Be3 Nxd4 6. Bxd4 Bxd4 7. Qxd4 Nf6 8. e5 Qe7 9. Be2 Ng8 10. Nc3 c6 11. Ne4 Nh6 12. Nd6+ Kf8 13. 0-0-0 b6 14. f4 c5 15. Qe4 Rb8 16. g4 f6 17. g5 Nf7 18. gxf6 gxf6 19. Rhf1 Nxd6 20. Rxd6 Bb7 21. Qf5 Ke8 22. Rfd1 Bc6 23. Bh5+ Kd8 24. Rxc6 1-0

[Event "COL-ch U1800"]
[Site "Villamaria"]
[Date "2019.11.03"]
[Round "5"]
[White "Leal Ortega, Jose del Carmen"]
[Black "Gutierrez Bermudez, Ivan"]
[Result "0-1"]
[WhiteElo "1602"]
[BlackElo "1600"]
[PlyCount "64"]
[EventDate "2019.11.01"]
[EventType "swiss"]
[EventRounds "7"]
[EventCountry "COL"]
[SourceTitle "CBM 193 Extra"]
[Source "ChessBase"]
[SourceDate "2020.01.31"]
[SourceVersion "1"]
[SourceVersionDate "2020.01.31"]
[SourceQuality "1"]

1. d4 d5 2. c4 Nf6 3. Nf3 e6 4. Bg5 Be7 5. e3 0-0 6. Nc3 Nc6 7. c5 h6 8. Bh4 Nh7 9. Bg3 a6 10. Be2 Bf6 11. 0-0 Re8 12. Bd3 Rb8 13. a3 Nf8 14. Rb1 b5 15. b4 e5 16. dxe5 Nxe5 17. Nxe5 Bxe5 18. Bxe5 Rxe5 19. Qc2 Qh4 20. Ne2 Rh5 21. Rfd1 Qxh2+ 22. Kf1 Qh1+ 23. Ng1 Ng6 24. Bxg6 fxg6 25. Rbc1 Bf5 26. Qd2 c6 27. f3 Rf8 28. Qf2 Rg5 29. Rd2 Be4 30. Ke1 Bxf3 31. gxf3 Rxg1+ 32. Ke2 Rxc1 0-1